| 000 | 01185cam a2200349 a 4500 | ||
|---|---|---|---|
| 001 | 4223550 | ||
| 003 | ARRUPE | ||
| 005 | 20140410142038.0 | ||
| 008 | 820521s1983 njuaf b s001 0beng | ||
| 010 | _a 82010193 | ||
| 020 |
_a0813509440 : _c$80.00 |
||
| 020 | _a0813509459 (pbk.) | ||
| 040 |
_aDLC _cDLC _dDLC |
||
| 041 | 1 | _aengpol | |
| 043 | _ae-pl--- | ||
| 050 | 0 | 0 |
_aPR6005.O4 _bZ7844313 1983 |
| 082 | 0 | 0 |
_a823/.912 _219 |
| 100 | 1 |
_aNajder, Zdzisław. _99885 |
|
| 240 | 1 | 0 |
_aŻycie Conrada-Korzeniowskiego. _lEnglish |
| 245 | 1 | 0 |
_aJoseph Conrad, a chronicle / _cby Zdzisław Najder. |
| 260 |
_aNew Brunswick, N.J. : _bRutgers University Press, _cc1983. |
||
| 300 |
_axxi, 647 p., [32] p. of plates : _bill. ; _c26 cm. |
||
| 500 | _aTranslation of: Życie Conrada-Korzeniowskiego. | ||
| 500 | _aIncludes indexes. | ||
| 504 | _aBibliography: p. 609-619. | ||
| 600 | 1 | 0 |
_aConrad, Joseph, _d1857-1924. _99886 |
| 600 | 1 | 0 |
_aConrad, Joseph, _d1857-1924 _xKnowledge _xPoland. _99887 |
| 650 | 0 |
_aAuthors, English _y20th century _xBiography. _99888 |
|
| 651 | 0 |
_aPoland _xIn literature. _99889 |
|
| 906 |
_a7 _bcbc _corignew _d1 _eocip _f19 _gy-gencatlg |
||
| 942 |
_2lcc _cMONOGRAPH |
||
| 999 |
_c120411 _d120411 |
||